[Event "Kingston Chan Memorial op"]
[Site "Kingston"]
[Date "2017.09.24"]
[Round "6"]
[White "Belinfante, Nathan"]
[Black "Wilkinson, Ian"]
[Result "1/2-1/2"]
[WhiteElo "1667"]
[BlackElo "1929"]
[PlyCount "85"]
[EventDate "2017.09.21"]
[EventType "swiss"]
[EventRounds "6"]
[EventCountry "JAM"]
[SourceTitle "EXT 2020"]
[Source "ChessBase"]
[SourceDate "2019.10.17"]
[SourceVersion "1"]
[SourceVersionDate "2019.10.17"]
[SourceQuality "1"]

1. d4 Nf6 2. c4 g6 3. Nc3 Bg7 4. e4 d6 5. Nf3 Nbd7 6. Be2 0-0 7. 0-0 a5 8. h3 e5 9. dxe5 dxe5 10. Bg5 c6 11. Qc1 Re8 12. Qe3 Qe7 13. Rfd1 Qf8 14. Qd2 h6 15. Be3 Nc5 16. Qc2 Nh5 17. Nd2 Nf4 18. Nb3 Nce6 19. Na4 Qe7 20. Kh2 Qh4 21. Bf1 Nh5 22. g3 Qe7 23. Nb6 Ra6 24. c5 Ra7 25. a4 Ng5 26. Bxg5 Qxg5 27. Nxc8 Rxc8 28. Qd2 Qf6 29. Kg2 Qe6 30. Nxa5 Nf6 31. f3 Bf8 32. b4 Kg7 33. Nc4 Be7 34. Nd6 Bxd6 35. Qxd6 Qe8 36. Bc4 Raa8 37. Bb3 Rab8 38. a5 Rd8 39. Qc7 Rdc8 40. Qd6 Rd8 41. Qc7 Rdc8 42. Qd6 Rd8 43. Qc7 1/2-1/2

[Event "Kingston Chan Memorial op"]
[Site "Kingston"]
[Date "2017.09.24"]
[Round "5"]
[White "James, Stuart"]
[Black "Belinfante, Nathan"]
[Result "1-0"]
[WhiteElo "1998"]
[BlackElo "1667"]
[PlyCount "77"]
[EventDate "2017.09.21"]
[EventType "swiss"]
[EventRounds "6"]
[EventCountry "JAM"]
[SourceTitle "EXT 2020"]
[Source "ChessBase"]
[SourceDate "2019.10.17"]
[SourceVersion "1"]
[SourceVersionDate "2019.10.17"]
[SourceQuality "1"]

1. e4 e5 2. Nf3 Nc6 3. Bb5 a6 4. Ba4 Nf6 5. d3 b5 6. Bb3 Bc5 7. Nc3 d6 8. Bg5 h6 9. Bh4 Rb8 10. Nd5 g5 11. Nxg5 Bxf2+ 12. Kxf2 hxg5 13. Bxg5 Ng4+ 14. Qxg4 Bxg4 15. Bxd8 Kxd8 16. Ne3 Be6 17. Bxe6 fxe6 18. h4 Ke7 19. g4 Rbf8+ 20. Kg2 Nd4 21. Raf1 Rxf1 22. Kxf1 Nf3 23. h5 Ng5 24. Kg2 Rf8 25. Rf1 Rxf1 26. Nxf1 d5 27. Nd2 Kf6 28. Nf3 Nf7 29. Kh3 c5 30. Kh4 c4 31. g5+ Kg7 32. h6+ Kg6 33. Kg4 b4 34. Nh4+ Kh7 35. g6+ Kxh6 36. gxf7 Kg7 37. dxc4 dxc4 38. Nf3 a5 39. Nxe5 1-0

[Event "Kingston Chan Memorial op"]
[Site "Kingston"]
[Date "2017.09.21"]
[Round "2"]
[White "Curriah, Malik"]
[Black "Belinfante, Nathan"]
[Result "0-1"]
[WhiteElo "1996"]
[BlackElo "1667"]
[PlyCount "92"]
[EventDate "2017.09.21"]
[EventType "swiss"]
[EventRounds "6"]
[EventCountry "JAM"]
[SourceTitle "EXT 2020"]
[Source "ChessBase"]
[SourceDate "2019.10.17"]
[SourceVersion "1"]
[SourceVersionDate "2019.10.17"]
[SourceQuality "1"]

1. e4 e5 2. Nf3 Nc6 3. Bb5 a6 4. Ba4 Nf6 5. 0-0 Nxe4 6. Re1 Nc5 7. Bxc6 dxc6 8. Nxe5 Ne6 9. d4 Be7 10. c3 0-0 11. Nd2 c5 12. Ndf3 cxd4 13. cxd4 c6 14. Be3 Nc7 15. Qc2 Nd5 16. a3 a5 17. b3 f6 18. Nc4 Bg4 19. Nfd2 b5 20. Nb2 Rc8 21. Nf1 Bh5 22. Nd3 Bg6 23. Qd2 Nxe3 24. fxe3 c5 25. Nf4 Bf7 26. Qe2 cxd4 27. Qxb5 Rb8 28. Qa6 Bd6 29. Red1 Qb6 30. Qxb6 Rxb6 31. Rxd4 Be5 32. Rad1 Bxd4 33. exd4 Bxb3 34. Rd2 Bf7 35. Ne3 Rd8 36. d5 g5 37. Ne2 Rb3 38. Kf2 Rxa3 39. Nd4 Rc3 40. Ke2 a4 41. Nc6 Re8 42. Rd3 Rxe3+ 43. Rxe3 Rxe3+ 44. Kxe3 a3 45. d6 Be6 46. Nb4 Kf7 0-1